| 000 | 00449nam a2200181Ia 4500 | ||
|---|---|---|---|
| 005 | 20240821095923.0 | ||
| 008 | 131103s9999 xx 000 0 und d | ||
| 040 | _aLoreto College | ||
| 041 | _aEnglish | ||
| 082 |
_a891.43 _bMIS |
||
| 245 |
_aNabin katha-kunja _cedited by Kishorikanta Mishra |
||
| 260 |
_aKolkata _bNabin _c2002 |
||
| 300 | _a76p. | ||
| 650 | _aHindi | ||
| 700 | _aMishra, Kishorikanta; ed. | ||
| 850 | _aLCBED | ||
| 942 | _cBK | ||
| 999 |
_c35875 _d86354 |
||